| 000 | 00609cam a2200217 a 4500 | ||
|---|---|---|---|
| 020 | _a9781597180917 | ||
| 020 | _a1597180912 | ||
| 040 | _cBTCTA | ||
| 082 | _a005 STA 2011 A002 Or. | ||
| 245 | 0 | 0 |
_aStata programming reference manual : _brelease 12. |
| 246 | 1 | 4 | _aStata release 12: programming |
| 246 | 1 | 8 | _aStata 12 : programming |
| 260 |
_aCollege Station, Tex. : _bStataCorp LP, _cc2011. |
||
| 300 |
_aix, 486 p. ; _c24 cm. |
||
| 500 | _a"A Stata Press publication." | ||
| 500 | _aIncludes index. | ||
| 650 | 0 | _aStatistics | |
| 650 | 0 | _aSocial sciences | |
| 710 | 2 | _aStataCorp LP. | |
| 942 | _cEK | ||
| 999 |
_c16495 _d16495 |
||